La necesaria transición hacia un modelo económico y social más ecológico como condicionante de la contratación laboral /

Detalles Bibliográficos
Otros Autores: Gómez Salado, Miguel Ángel (Editor), González Cobaleda, Estefanía (Editor), Ruiz Santamaría, José Luis (Editor), Cabello Roldán, Aída (Editor)
Formato: Electrónico eBook
Lenguaje:español
Publicado: Madrid : Dykinson, S.L., [2024]
Colección:Dykinson eBook.
Materias:
Acceso en línea:Digitalia Hispánica

MARC

LEADER 00000nam a2200000 i 4500
001 DIGDYK3901
003 NyNyDIG
007 cr |||||||||||
008 250318s2024 sp ob 000 0 spa d
006 m o d
035 |a (OCoLC)1500725570 
040 |a DGITA  |b eng  |e rda  |e pn  |c DGITA 
020 |a 9788410708419  |q eBook 
043 |a e-sp--- 
050 1 4 |a KKT1270 ebook 
245 0 3 |a La necesaria transición hacia un modelo económico y social más ecológico como condicionante de la contratación laboral /  |c dirección, Miguel Ángel Gómez Salado, Estefanía González Cobaleda, José Luis Ruiz Santamaría ; coordinación y edición, Aída Cabello Roldán. 
264 1 |a Madrid :  |b Dykinson, S.L.,  |c [2024] 
300 |a 1 online resource. 
336 |a text  |b txt  |2 rdacontent 
337 |a computer  |b c  |2 rdamedia 
338 |a online resource  |b cr  |2 rdacarrier 
347 |a text file  |2 rdaft 
347 |b PDF 
490 1 |a Dykinson eBook  
500 |a "Libro de difusión de la investigación realizada en el marco del Instituto JUVUMA y de varios proyectos y grupos de I+D"--cover. 
504 |a Includes bibliographical references. 
588 0 |a Online resource; title from PDF title page (Digitalia, viewed March 18, 2025) 
650 0 |a Labor laws and legislation  |z Spain. 
650 0 |a Labor contract  |z Spain. 
650 0 |a Sustainable development. 
700 1 |a Gómez Salado, Miguel Ángel,  |e editor. 
700 1 |a González Cobaleda, Estefanía,  |e editor. 
700 1 |a Ruiz Santamaría, José Luis,  |e editor. 
700 1 |a Cabello Roldán, Aída,  |e editor. 
791 2 |a Digitalia (Firm),  |e distributor. 
793 0 |g Digitalia eBook Collection:  |a Dykinson Editorial 
830 0 |a Dykinson eBook. 
856 4 0 |3 Digitalia Hispánica  |u https://www.digitaliapublishing.com/a/170767/ 
910 |a Premium collection: 2025